000 00383nam a2200145Ia 4500
008 230917s9999||||xx |||||||||||||| ||und||
040 _e217897
_aMAIN
041 _aEnglish
082 _aB R137R:S
100 _aRangarajan, Mahesh
245 0 _aSelected works of C Rajagopalachari. V1: 1907-1921
260 _aNew Delhi
_bOrient Blackswan
_c2014
300 _a432 p.
942 _cBK
999 _c179492
_d179492